• 首页
  • 本馆介绍
  • 公告通知
  • 最新文献
  • 馆藏检索
  • 电子资源
  • 读者导购
  • 参考咨询
  • 我的图书馆
  • 登录
  • 详细信息显示
  • 放入我的书架
  • 预约/预借图书
  • 作者相关作品
  • 分类相关作品
  • 丛书相关作品
  • 出版社相关作品

书目信息

  • 表格格式
  • 工作单格式
  • 卡片格式
题名:
从神话到历史
    
 
作者: 宫本一夫 著 ;吴菲 译
分册:  
出版信息: 桂林   广西师范大学出版社  2014
页数: 416页
开本: 19cm
丛书名:
单 册:
中图分类: K210.7 , K222.07
科图分类:
主题词: 中国历史--上古史--研究 , 中国历史--研究--夏代 , 中国历史
电子资源:
ISBN: 978-7-5495-3367-1
000 01094nam0 2200313 450
001 012001003405
005 20140926114739.0
010    @a978-7-5495-3367-1@b精装@dCNY49.00
090    @aK210.7@bgby
100    @a20140429d2014 em y0chiy50 ea
101 1  @achi@cjpn
102    @aCN@b450000
105    @aa z 000yy
106    @ar
200 1  @a从神话到历史@9cong shen hua dao li shi@e神话时代 夏王朝@f(日)宫本一夫著@g吴菲译
210    @a桂林@c广西师范大学出版社@d2014
215    @a416页@c图@d19cm
300    @a理想国 讲谈社·中国的历史 01
305    @a由日本讲谈社授权出版
330    @a本书共分十章,内容包括:神话与考古学、中国发掘物语、农业的出现、区域文化的发展、社会的组织化与阶层化、非农业地带与农业的扩散、畜牧型农业社会的出现、区域间交流与社会的统合、牺牲与宗教祭祀等。
606 0  @a中国历史@x上古史@x研究
606 0  @a中国历史@x研究@z夏代
606 0  @a中国历史
690    @aK210.7@v5
690    @aK222.07@v5
701  0 @c(日)@a宫本一夫@9gong ben yi fu@4著
702  0 @a吴菲@9wu fei@4译
801  0 @aCN@b上海新华@c20180901
905    @b1154348-52@dK210.7@e22@f5
    
    从神话到历史:神话时代 夏王朝/(日)宫本一夫著/吴菲译.-桂林:广西师范大学出版社,2014
    416页:图;19cm
    理想国 讲谈社·中国的历史 01
    
    ISBN 978-7-5495-3367-1(精装):CNY49.00
    本书共分十章,内容包括:神话与考古学、中国发掘物语、农业的出现、区域文化的发展、社会的组织化与阶层化、非农业地带与农业的扩散、畜牧型农业社会的出现、区域间交流与社会的统合、牺牲与宗教祭祀等。
●
相关链接 在E读中查询图书 在五车中查询图书 在当当中查询图书 在豆瓣中查询图书


正题名:从神话到历史     索取号:K210.7/22         预约/预借

序号 登录号 条形码 馆藏地/架位号 状态 备注
1 1154348   211543481   第二样本阅览室/ [索取号:K210.7/22] 在馆    
2 1154349   211543490   第二借阅区/ [索取号:K210.7/22] 在馆    
3 1154350   211543506   第二借阅区/ [索取号:K210.7/22] 在馆    
4 1154351   211543515   密集书库-史法系/ [索取号:K210.7/22] 在馆    
5 1154352   211543524   第二借阅区/ [索取号:K210.7/22] 在馆    
唐山师范学院图书馆 欢迎您!
大连网信软件有限公司© 版权所有